|
|
|
|
| LEADER |
00000nam0a2200000 4500 |
| 001 |
305852 |
| 005 |
20231102001835.0 |
| 010 |
|
|
|a 9785912590603
|
| 035 |
|
|
|a (RuTPU)RU\TPU\book\331127
|
| 035 |
|
|
|a RU\TPU\book\241136
|
| 090 |
|
|
|a 305852
|
| 100 |
|
|
|a 20151001d2014 km y0rusy50 ca
|
| 101 |
0 |
|
|a rus
|
| 102 |
|
|
|a RU
|
| 105 |
|
|
|a y g 001zy
|
| 200 |
1 |
|
|a Гигиенические нормативы. Химические факторы окружающей среды
|f Российская академия медицинских наук (РАМН) ; Научно-исследовательский институт экологии человека и гигиены окружающей среды им. А. И. Сысина; под ред. Ю. А. Рахманина; В. В. Семеновой
|
| 205 |
|
|
|a 7-е изд., доп. и перераб.
|
| 210 |
|
|
|a Санкт-Петербург
|c Профессионал
|d 2014
|
| 215 |
|
|
|a 907 с.
|
| 225 |
1 |
|
|a Гигиенические нормативы
|
| 320 |
|
|
|a Библиогр.: с. 789-792.
|
| 320 |
|
|
|a Указатели: с. 793-905.
|
| 330 |
|
|
|a Издательство НПО «Профессионал» начало выпуск серии справочников под общим названием «Гигиенические нормативы». Первым томом серии является книга, посвященная химическим веществам в окружающей среде.Книга является наиболее полным в отечественной литературе справочником по гигиеническим нормативам химических веществ, встречающихся в промышленности, сельском хозяйстве, быту.В справочник включены нормативные величины, утвержденные МЗ РФ по 01.05.2010 г. Наряду с гигиеническими нормативами приводятся сведения о рыбохозяйственных ПДК, имеющих самостоятельное значение. Названия индивидуальных веществ представлены, по возможности, в соответствии с правилами Международного союза теоретической и прикладной химии (ИЮПАК) с указанием регистрационных номеров Chemical Abstracts Service (CAS) для облегчения их идентификации, указаны синонимы и торговые названия. Особенностью справочника является раздел, посвященный общим принципам установления гигиенических нормативов и условиям их применения при осуществлении профилактических мероприятий по охране окружающей среды и здоровья населения. Рекомендован Научным советом по экологии человека и гигиены окружающей среды РАМН и МЗСР РФ для широкого круга специалистов: гигиенистов и санитарных врачей, токсикологов, экологов, технологов, инженеров, ответственных за технику безопасности, химиков, работников конструкторских и проектных организаций.
|
| 606 |
1 |
|
|a Химические вещества
|x Токсичность
|2 stltpush
|3 (RuTPU)RU\TPU\subj\17214
|9 42997
|
| 610 |
1 |
|
|a окружающая среда
|
| 610 |
1 |
|
|a атмосферный воздух
|
| 610 |
1 |
|
|a населенные места
|
| 610 |
1 |
|
|a рабочие зоны
|
| 610 |
1 |
|
|a водные объекты
|
| 610 |
1 |
|
|a вода
|
| 610 |
1 |
|
|a почва
|
| 610 |
1 |
|
|a пищевые продукты
|
| 610 |
1 |
|
|a полимеры
|
| 610 |
1 |
|
|a синтетические полиэлектролиты
|
| 610 |
1 |
|
|a гигиенические нормативы
|
| 610 |
1 |
|
|a справочники
|
| 675 |
|
|
|a 613.63(035)
|v 3
|
| 702 |
|
1 |
|a Рахманин
|b Ю. А.
|4 340
|
| 702 |
|
1 |
|a Семенова
|b В. В.
|4 340
|
| 712 |
0 |
2 |
|a Российская академия медицинских наук (РАМН)
|2 stltpush
|3 (RuTPU)RU\TPU\col\350
|
| 712 |
0 |
2 |
|a Научно-исследовательский институт экологии человека и гигиены окружающей среды им. А. И. Сысина
|2 stltpush
|3 (RuTPU)RU\TPU\col\5889
|
| 801 |
|
1 |
|a RU
|b 63413507
|c 20120905
|
| 801 |
|
2 |
|a RU
|b 63413507
|c 20151009
|g RCR
|
| 900 |
|
|
|a Химия окружающей среды
|
| 942 |
|
|
|c BK
|
| 959 |
|
|
|a 110/20120905
|d 1
|e 4900,00
|f ЧЗКДП:1
|
| 959 |
|
|
|a 99/20150819
|d 1
|e 5080,00
|f УФ:1
|